Faith and devotion (Record no. 6677)

MARC details
000 -LEADER
fixed length control field 00844 a2200205 4500
005 - DATE AND TIME OF LATEST TRANSACTION
control field 20080829172626.0
008 - FIXED-LENGTH DATA ELEMENTS--GENERAL INFORMATION
fixed length control field 080829t xxu||||| |||| 00| 0 eng d
010 ## - LIBRARY OF CONGRESS CONTROL NUMBER
LC control number ENG-87465
020 ## - INTERNATIONAL STANDARD BOOK NUMBER
International Standard Book Number 9788172085025
Terms of availability 21.00
035 ## - SYSTEM CONTROL NUMBER
System control number EN-70998
037 ## - SOURCE OF ACQUISITION
Source of stock number/acquisition DBAD / PUB
082 ## - DEWEY DECIMAL CLASSIFICATION NUMBER
Classification number 230.35
245 ## - TITLE STATEMENT
Title Faith and devotion
Remainder of title in the words of Bhagawan Sri Sathya Sai Baba
Statement of responsibility, etc compiled by Prem Luthra
260 ## - PUBLICATION, DISTRIBUTION, ETC. (IMPRINT)
Place of publication, distribution, etc Prasanthi Nilayam
Name of publisher, distributor, etc Sri sathya sai Books and Publications Trust
Date of publication, distribution, etc 2007
270 ## - ADDRESS
Address Prasanthi Nilayam, Anantapur District
City Andhra Pradesh
Postal code 515 134
300 ## - PHYSICAL DESCRIPTION
Extent v, 166 p.
Dimensions 21 cm ( pbk.)
700 ## - ADDED ENTRY--PERSONAL NAME
Personal name Luthra, Prem
942 ## - ADDED ENTRY ELEMENTS (KOHA)
Institution code [OBSOLETE] dpl
Koha item type English Books
Call number prefix 230.35/FAI
Source of classification or shelving scheme Dewey Decimal Classification
Classification part 230.35
Call number suffix FAI
Holdings
Withdrawn status Lost status Damaged status Not for loan Home library Current library Date acquired Cost, normal purchase price Total Checkouts Full call number Barcode Date last seen Copy number Uniform Resource Identifier Cost, replacement price Price effective from Koha item type
        D.B.Act.Division D.B.Act.Division 29/08/2008 21.00   230.35 FAI EN-70998 15/09/2008 1 7178 21.00 15/09/2008 English Books

© Delhi Public Library
Hit Counter
free hit counter